000 01080nam a2200265 i 4500
001 bg
100 1 _aNIEDOBA, Wiesław
245 1 0 _aMiara i całka :
_brachunek prawdopodobieństwa /
_cWiesław Niedoba ; pod red. Bogdana Choczewskiego.
250 _aWyd. 3.
260 _aKraków :
_bUczelniane Wydawnictwa Naukowo-Dydaktyczne AGH,
_c2003.
300 _a70 s. ;
_c24 cm.
490 1 _aSkrypty Uczelniane / Akademia Górniczo-Hutnicza im. Stanisława Staszica w Krakowie,
_x0239-6114 ;
_v1645
504 _aBibliogr.
650 9 _aRachunek całkowy
650 9 _aRachunek prawdopodobieństwa
655 _aPodręczniki akademickie
700 1 _aCHOCZEWSKI, Bogdan.
_eRed.
830 0 _aSkrypty Uczelniane (Akademia Górniczo-Hutnicza im. Stanisława Staszica w Krakowie) ;
_v1645
040 _cBPK
041 0 _apol
080 _a517.3+:519.2(075.8)
942 _cKS
008 s pl f |000 0 pol
999 _c52857
_d52857
856 _uhttp://koha.tu.koszalin.pl/cgi-bin/koha/opac-detail.pl?biblionumber=52857
_yKatalog online BPK